000 nam a22 4500
999 _c9055
_d9055
008 180410b ||||| |||| 00| 0 eng d
245 _aFederalism to create better business climate.
260 _aDavao City
_bSun Star Davao
_cc2016
300 _apage 7.
650 0 _927188
_aFederal government.
942 _2ddc
_cPER